000
00285nam a2200121Ia 4500
008
221030s9999 xx 000 0 und d
041
_a
English
100
_a
R Lafore
245
0
_a
Object - Oriented Programming in Turbo C++
_c
by R Lafore
260
_c
0
650
_a
Mc
942
_c
BK
999
_c
14341
_d
14341